Responses for Show #841 - Monday, April 11, 1988

Contestants

[<< previous game]

John Peterson, a communications instructor from Stockton, California

Ken Krantz, a lieutenant commander originally from Davis, California

Bob Beers, an attorney from Fairfax, Virginia (whose 2-day cash winnings total $33,200)

[next game >>]

Jeopardy! Round responses

AMERICAN HISTORY
ART
BODIES OF WATER
BASEBALL
FLOWERS
HINTS FROM HELOISE
    $100 11
Kentucky

Bob
    $100 21
sculpture

John
    $100 19
(Bob: What is the Caspian Sea?)

the Dead Sea

BobKen
    $100 6
Babe Ruth

Bob
    $100 5
(1 of) nasturtium (narcissus)

Bob
    $100 26
eggs

Ken
    $200 12
(John: What is [*] March?)

the bonus

John
    $200 22
Toulouse-Lautrec

Bob
    $200 20
(Ken: ART FOR $100.)
(Alex: With a minute to go.)

Argentina

Ken
    $200 7
(Bob: Who are [*] brothers?)

Alou

Bob
    $200 2
the petals

Bob
    $200 27
[The end-of-round signal sounds.]

frozen

Ken
    $300 13
John Adams

Ken
    $300 23
a harp

Bob
    $300 9
the Mediterranean

Bob
    $300 8
Tony Gwynn

Triple Stumper
    $300 1
(Bob: What are cattails?)

catkins

Bob
Triple Stumper
    $400 14
Lurleen Wallace

Ken
    $400 24
Marc Chagall

Ken
    $400 10
(Alex: Not fast enough, Ken.)

the Strait of Magellan

Triple Stumper
    $400 16
pitcher

Triple Stumper
    $500 3
the fragrance of flowers (the scent, the odor)

Bob
    $500 15
Joseph Kennedy

John
    $500 25
The Seven Deadly Sins

John
    $500 18
fjords

Ken
    $500 17
(1 of) The Pacific Coast League (the International League or the American Association)

John
    $500 4
(Alex: Bob knew it, but was afraid to ring in.)

root

Triple Stumper

Scores at the first commercial break (after clue 10):

Bob Ken John
$1,100 $0 $0

Scores at the end of the Jeopardy! Round:

Bob Ken John
$1,600 $2,200 $1,800

Double Jeopardy! Round responses

THE BODY HUMAN
THE MOVIES
BRITISH ROYALTY
LITERATURE
NATIONAL ANTHEMS
DOUBLE C
    $200 12
the mouth

John
    $200 19
deceased

Bob
    $200 7
George III

Bob
    $200 13
a pilgrimage

Bob
    $200 22
French

Bob
    $200 21
a buccaneer

Ken
    $400 18
birds

Bob
    $400 9
Westminster Abbey

Ken
    $400 23
Paradise Lost

Ken
    $2,500 14
(Alex: "Deutschlandlied".)

(West) Germany

Bob
    $400 20
(Alex: We've got less than a minute to go.)

(Bob) Guccione

Bob
    $600 15
(Alex: Yes, Mommie Dearest.)

Joan Crawford

Ken
    $600 8
(Bob: What is Buckingham Palace?)

Windsor Castle

BobJohn
    $600 26
the Trojan War

Ken
    $600 6
(Bob: What is "Waltzing Matilda"?)
...
(Alex: Remember, the Commonwealth.)

"God Save The Queen"

BobKen
    $600 1
desiccate

Bob
    $800 16
(John: Who is [*]?)
(Alex: Pardon?)
(John: [*].)
(Alex: Can you say it again?)
(John: Who was [*]?)
(Alex: Yes, you did say it in the form of a question the first time; I didn't hear you.)

Stephen Boyd

John
    $800 10
uncle

John
    $800 25
Prospero

Ken
    $800 4
(Ken: What are India & Pakistan?)
...
(Alex: He was a Bengali.)

India & Bangladesh

Ken
Triple Stumper
    $2,200 2
(Bob: [*]? What is [*]?)
(Alex: ... I'm glad you got that in.)

Morocco

Bob
    $1000 27
[The end-of-round signal sounds.]

the hypothalamus

Triple Stumper
    $1000 17
(Alex: The other one for The Good Earth; who is [*]?)

Luise Rainer

Triple Stumper
    $1000 11
(John: Who is Queen Victoria?)
(Ken: Who is Elizabeth I?)

James I

KenJohn
Triple Stumper
    $1000 24
(John: Who is Lydia?)

Althea

John
Triple Stumper
    $1000 5
Holland (the Netherlands)

Bob
    $1000 3
radicchio

Triple Stumper

Scores at the end of the Double Jeopardy! Round:

Bob Ken John
$8,300 $4,000 $2,200
(lock game)

[wagering suggestions for these scores]

Final Jeopardy! Round responses

TIME
(Alex: [Before going to the responses] I just discovered something interesting--forget about operating tools, or anything else, the reason God gave us fingers was so that we could count.)
...
(Alex: [To Ken] The hour hand goes by twice; the minute hand goes by 24 times.)
JohnWhat is 36
$2,200
KenWhat is 26
$1,000
BobWhat is 26?
$299
26

Final scores:

Bob Ken John
$8,599 $5,000 $0
3-day champion: $41,799 2nd place: Broyhill rolltop desk with swivel chair & Baldwin brass desk accessories 3rd place: ColorTyme 19" portable TV

Game dynamics:

Coryat scores:

Bob Ken John
$4,700 $4,000 $2,200
19 R
(including 3 DDs),
4 W
15 R,
2 W
9 R,
2 W

Combined Coryat: $10,900

[game clues] [game scores] [suggest correction]

Game tape date: 1987-12-15
The J! Archive is created by fans, for fans. Scraping, republication, monetization, and malicious use prohibited; this site may use cookies and collect identifying information. See terms. The Jeopardy! game show and all elements thereof, including but not limited to copyright and trademark thereto, are the property of Jeopardy Productions, Inc. and are protected under law. This website is not affiliated with, sponsored by, or operated by Jeopardy Productions, Inc. Join the discussion at JBoard.tv.